000 00612nam a2200157 4500
040 _cNUST
082 _a650.1,NEW
100 _aNewport, Cal
_989091
245 _aDeep work:
_bRules for focused in a distracted world /
_cCal Newport
260 _aUS
_bPiarkus
_c2016
300 _a296 p.;
505 _aDeep Work is Valuable (Page-21), Deep Work is Rare (Page-49), Deep Work is Meaningful (Page-72), Work Deeply (Page-95), Embrace Boredom (Page-155), Quir Social Media (Page-181), Drain the Shallows (Page-215).
650 _aWork Deeply
_9134407
651 _2Quit Social Media
942 _2ddc
_cBK
_k650.1,NEW
999 _c617396
_d617396